| 000 | 00657nam a2200229 i 4500 | ||
|---|---|---|---|
| 001 | 140848 | ||
| 003 | ES-MaACL | ||
| 005 | 20250809195004.0 | ||
| 007 | t| | ||
| 008 | 070917s1970 sp ||||1| spa d | ||
| 080 | _a82-311.2"19" | ||
| 100 | 1 |
_aYerby, Frank. _9117621 |
|
| 245 | 1 | 0 |
_aMayo fue el fin del mundo : _bnovela / _cFrank Yerby ; [traducción de Carlos Pujol]. |
| 250 | _a1ª ed. | ||
| 260 |
_aBarcelona : _bPlaneta, _c1970. |
||
| 300 |
_a284 p. ; _c18 cm. |
||
| 490 | 1 |
_aInfinito ; _v107 |
|
| 600 | 1 | 4 |
_aPujol, Carlos, _d1936-2012 _994332 |
| 830 | 1 |
_aInfinito ; _v107 _9183611 |
|
| 852 |
_aES-MaACL _jC-39940 |
||
| 999 |
_c140848 _d140848 |
||